000 01083cam a22001814a 4500
005 20250605164354.0
008 250528s ||||||||||||||||||||||||d
035 _a24263
040 _aGR-AtMCL
_bgre
_dGR-AtMCL
_eAACR2
245 1 _aΧρήμα / Σε Ανάκαμψη η Αγορά Τυχερών Παιγνίων με την Αρωγή της Τεχνολογίας
260 _bEthos Media,
_c2019
300 _a80
520 _aΑγορά Τυχερών Παιγνίων: Σε Ανάκαμψη η Αγορά Τυχερών Παιγνίων με την Αρωγή της Τεχνολογίας, Μεταφορές - Υποδομές - Logistics: Στα Γρανάζια της Εφοδιαστικής Αλυσίδας, Απολογισμός: Greek Corporate Governance Summit, Εν Αρχή: Προϋπολογισμός με Μαξιλάρι Ασφαλείας, Ανάλυση VRS: CAMPARI, Δια Ταύτα: Από Πρωτοπόρος... Ουραγός.
700 1 _aΟυζούνη Κωνσταντίνος
_99441
942 _cCR
999 _c9153
_d9153